<?xml version="1.0" encoding="UTF-8"?>
<record
    xmlns:xsi="http://www.w3.org/2001/XMLSchema-instance"
    xsi:schemaLocation="http://www.loc.gov/MARC21/slim http://www.loc.gov/standards/marcxml/schema/MARC21slim.xsd"
    xmlns="http://www.loc.gov/MARC21/slim">

  <leader>005560000a22001450004500</leader>
  <datafield tag="090" ind1=" " ind2=" ">
    <subfield code="a">As</subfield>
    <subfield code="b">Seriadas</subfield>
  </datafield>
  <datafield tag="245" ind1="1" ind2="0">
    <subfield code="a">Control biol&#xF3;gico de Leptopharsa gibbicarina (Hemiptera: Tingidae) con la hormiga Crematogaster sp. (Hymenoptera: Formicidae) en palma de aceite</subfield>
  </datafield>
  <datafield tag="041" ind1="0" ind2=" ">
    <subfield code="a">Espa&#xF1;ol</subfield>
  </datafield>
  <datafield tag="700" ind1="1" ind2=" ">
    <subfield code="a">Calvache Guerrero, Hugo</subfield>
    <subfield code="9">39279</subfield>
  </datafield>
  <datafield tag="700" ind1="1" ind2=" ">
    <subfield code="a">Luque Z., Jes&#xFA;s Emilio</subfield>
    <subfield code="9">100101</subfield>
  </datafield>
  <datafield tag="700" ind1="1" ind2=" ">
    <subfield code="a">M&#xE9;ndez, Adalberto</subfield>
    <subfield code="9">100063</subfield>
  </datafield>
  <datafield tag="100" ind1="1" ind2=" ">
    <subfield code="a">Monta&#xF1;ez, Martha Luc&#xED;a</subfield>
    <subfield code="9">100102</subfield>
  </datafield>
  <datafield tag="942" ind1=" " ind2=" ">
    <subfield code="c">ARTICULO</subfield>
  </datafield>
  <datafield tag="773" ind1="1" ind2=" ">
    <subfield code="t">Revista Colombiana de Entomolog&#xED;a</subfield>
    <subfield code="h">3-4</subfield>
    <subfield code="q">89-94</subfield>
    <subfield code="d">1998</subfield>
    <subfield code="g">24</subfield>
  </datafield>
  <datafield tag="999" ind1=" " ind2=" ">
    <subfield code="c">15868</subfield>
    <subfield code="d">15868</subfield>
  </datafield>
</record>
